| 000 | 00905nam a2200265 a 4500 | ||
|---|---|---|---|
| 001 | C01375150c-3 | ||
| 003 | CO-ViMGA | ||
| 005 | 20230915224039.0 | ||
| 008 | 121107s2013 ck a gr 00010dspa d | ||
| 020 | _a9789583040511 | ||
| 040 |
_aCO-ViMGA _bspa _cCO-ViMGA |
||
| 043 | _as-ck--- | ||
| 082 | 0 | 4 |
_aCo863.6 _bP37e3 _219 |
| 100 | 1 |
_aPérez Gaviria, Lina María, _d1949- _99050 |
|
| 245 | 1 | 3 |
_aEl esqueleto indiscreto / _cLina María Pérez ; ilustrador Daniela Violi. |
| 250 | _aEditora Marcela Carrasquilla Henao. | ||
| 260 |
_aBogotá : _bPanamericana Editorial, _c2013. |
||
| 300 |
_a90 p. : _bil ; _c21 cm. |
||
| 650 | 1 | 4 |
_aNiños _v Cuentos juveniles. _99051 |
| 650 | 4 |
_aCuentos juveniles colombianos. _930 |
|
| 650 | 4 |
_aEsqueleto humano _v Cuentos juveniles. _99052 |
|
| 700 | 1 |
_aCarrasquilla, Marcela, _eed. _91786 |
|
| 700 | 1 |
_aVioli, Daniela, _d1952-, _eil. _99053 |
|
| 942 |
_2ddc _cBK |
||
| 999 |
_c11141 _d11141 |
||